[Event "GRE-ch U10"]
[Site "Rio Achaia"]
[Date "2018.07.04"]
[Round "2"]
[White "Poupalos, Nikolaos"]
[Black "Papadakis, Ioannis Man"]
[Result "0-1"]
[WhiteElo "1188"]
[BlackElo "1218"]
[PlyCount "94"]
[EventDate "2018.07.03"]
[EventType "swiss"]
[EventRounds "9"]
[EventCountry "GRE"]
[SourceTitle "EXT 2019"]
[Source "ChessBase"]
[SourceDate "2018.10.10"]
[SourceVersion "1"]
[SourceVersionDate "2018.10.10"]
[SourceQuality "1"]

1. e4 d5 2. exd5 Nf6 3. d4 Bg4 4. f3 Bf5 5. g4 Bg6 6. c4 h6 7. Nc3 c6 8. dxc6 Nxc6 9. Be3 e6 10. a3 Be7 11. Nge2 Qb6 12. Qd2 Na5 13. Na4 Qc7 14. Bf4 Qd8 15. Nc1 Rc8 16. b3 Nc6 17. Be3 Rc7 18. b4 Rd7 19. Nb3 Nxd4 20. Bxd4 e5 21. c5 exd4 22. Bb5 0-0 23. Bxd7 Qxd7 24. Nb2 Qe6+ 25. Kf2 Qxb3 26. Qxd4 Rd8 27. Qe5 Bf8 28. Rhd1 Rxd1 29. Nxd1 Qc2+ 30. Kg3 Qd2 31. Qc3 Qd7 32. Ne3 Qc7+ 33. Kg2 b6 34. c6 Bd6 35. h3 Be5 36. Qc1 Bxa1 37. Qxa1 Qxc6 38. Qe5 Qe8 39. Qd4 Qd7 40. Qe5 Qd2+ 41. Kg3 Qd8 42. f4 Bd3 43. Kg2 Be4+ 44. Kg3 Qd3 45. Qb8+ Kh7 46. Qxa7 Qxe3+ 47. Kh4 Qf2# 0-1